000 00482cam a2200193 4500
001 D3701
008 090401t1978 xxu||||| |||| 00| 0 eng d
035 _a(Sirsi) u74510
041 _aeng
050 _a333.78
100 _aFeist, M.J.
245 2 _aA study of management agreement
260 _aLondon
_bCountryside Commission
_c1978
300 _avii. 138p. ill. 30cm
350 _a5.75
490 _aCountryside Commission Paper
_v114
942 _n0
948 _c04/03/1997
999 _c95868
_d95868